Breve historia de la filosofía
Saved in:
| Hovedforfatter: | |
|---|---|
| Format: | Bog |
| Sprog: | spansk |
| Udgivet: |
Santiago, Chile.
Catalonia,
2014
|
| Udgivelse: | 25a. ed |
| Fag: | |
| Online adgang: | Disponible Online |
| Tags: |
Tilføj Tag
Ingen Tags, Vær først til at tagge denne postø!
|
MARC
| LEADER | 00000cam a2200000 a 4500 | ||
|---|---|---|---|
| 001 | UCD2867 | ||
| 003 | CL-VaPUC | ||
| 005 | 20240827104802.0 | ||
| 008 | 160512e20140000cl |||||||||||||||||spa|d | ||
| 999 | |c 363978 |d 363976 | ||
| 020 | |a 9789568303235 | ||
| 040 | |c Pontificia Universidad Católica de Valparaíso | ||
| 082 | 0 | 4 | |a 109 GIA 2014 |2 21 |
| 100 | |a Giannini Iñiguez, Humberto |e autor |9 582349 | ||
| 245 | 1 | 0 | |a Breve historia de la filosofía |
| 250 | |a 25a. ed | ||
| 260 | |a Santiago, Chile. |b Catalonia, |c 2014 | ||
| 300 | |a 434 páginas | ||
| 583 | |a last modification |c 20160512 21:36:00 |k Rodrigo Vera | ||
| 650 | 0 | |a Historia |x Filosofía |9 860696 | |
| 650 | 0 | |a Escuelas filosóficas |9 266232 | |
| 650 | 0 | |a Metafísica |9 265649 | |
| 856 | |u https://bibliografiadigital.pucv.cl/index.php/bibliotecapucv/catalog/book/781 |y Disponible Online | ||
| 942 | |c BK |2 ddc | ||
| 945 | |d 20160512 21:36:00 |a arojas | ||
| 952 | |0 0 |1 0 |3 erb |4 0 |6 109_000000000000000_GIA_2014 |7 0 |8 R |9 476861 |a BIBGIM |b BIBGIM |i 5286670 |o 109 GIA 2014 |p 5286670 |r 2025-01-15 |w 2019-11-24 |y BK_R |z Catalogado en:20160512 |k SSL | ||
| 952 | |0 0 |1 0 |3 erb |4 0 |6 109_000000000000000_GIA_2014 |7 0 |8 R |9 476862 |a BIBGIM |b BIBGIM |i 5286689 |l 2 |o 109 GIA 2014 |p 5286689 |r 2025-01-15 |s 2022-03-09 |w 2019-11-24 |y BK_R |z Catalogado en:20160512 |k SSL | ||
| 952 | |0 0 |1 0 |3 erb |4 0 |6 109_000000000000000_GIA_2014 |7 0 |8 R |9 476863 |a BIBGIM |b BIBGIM |i 5286697 |l 2 |o 109 GIA 2014 |p 5286697 |r 2025-01-15 |s 2022-04-28 |w 2019-11-24 |y BK_R |z Catalogado en:20160512 |k SSL | ||
| 952 | |0 0 |1 0 |3 erb |4 0 |6 109_000000000000000_GIA_2014 |7 0 |8 R |9 476864 |a BIBGIM |b BIBGIM |i 533862K |l 2 |o 109 GIA 2014 |p 533862K |r 2025-01-15 |s 2020-11-26 |w 2019-11-24 |y BK_R |z Catalogado en:20160819 |k SSL | ||
| 952 | |0 0 |1 0 |3 erb |4 0 |6 109_000000000000000_GIA_2014 |7 0 |8 R |9 476865 |a BIBGIM |b BIBGIM |i 5339650 |o 109 GIA 2014 |p 5339650 |r 2025-01-15 |w 2019-11-24 |y BK_R |z Catalogado en:20160902 |k SSL | ||
| 952 | |0 0 |1 0 |3 erb |4 0 |6 109_000000000000000_GIA_2014 |7 0 |8 A |9 476866 |a BIBTEO |b BIBTEO |i 5355907 |l 9 |o 109 GIA 2014 |p 5355907 |r 2025-03-19 |s 2025-03-19 |w 2019-11-24 |y BK |z Catalogado en:20161209 |k ICR | ||
| 952 | |0 0 |1 0 |3 erb |4 0 |6 109_000000000000000_GIA_2014 |7 0 |8 R |9 476867 |a BIBGIM |b BIBGIM |i 5357926 |l 4 |o 109 GIA 2014 |p 5357926 |r 2025-01-15 |s 2023-11-27 |w 2019-11-24 |y BK_R |z Catalogado en:20161230 |k SSL | ||